000
00343nam a2200133Ia 4500
008
170516s9999 xx 000 0 und d
245
_a
Reporter Gene Imaging in Therapy and Diagnosis
260
_b
Theranostics
260
_c
2012
300
_a
2:4
650
_x
Medical Technology
650
_x
Medtech
856
_u
http://www.thno.org/v2i4
999
_c
330717
_d
330717